|
|
|
|
| LEADER |
01849nam a2200397 a 4500 |
| 001 |
28031 |
| 003 |
BD-DhAAL |
| 005 |
20150320143153.0 |
| 008 |
150320s2012 enkb b 001 0 eng |
| 010 |
|
|
|a 2011043509
|
| 020 |
|
|
|a 9780470672914 (cloth)
|
| 020 |
|
|
|a 0470672919 (cloth)
|
| 035 |
|
|
|a (OCoLC)ocn758845766
|
| 040 |
|
|
|a DLC
|b eng
|c DLC
|d YDX
|d BDX
|d YDXCP
|d DLC
|d BD-DhAAL
|
| 042 |
|
|
|a pcc
|
| 043 |
|
|
|a a------
|a e-po---
|
| 050 |
0 |
0 |
|a DS33.7
|b .S83 2012
|
| 082 |
0 |
0 |
|a 950.3091712469
|2 23
|
| 100 |
1 |
|
|a Subrahmanyam, Sanjay.
|9 9941
|
| 245 |
1 |
4 |
|a The Portuguese empire in Asia, 1500-1700 :
|b a political and economic history /
|c Sanjay Subrahmanyam.
|
| 250 |
|
|
|a 2nd ed.
|
| 260 |
|
|
|a Chichester, West Sussex, UK ;
|a Malden, MA :
|b Wiley-Blackwell,
|c 2012.
|
| 300 |
|
|
|a xviii, 340 p. :
|b maps ;
|c 24 cm.
|
| 504 |
|
|
|a Includes bibliographical references and index.
|
| 541 |
|
|
|e 29031
|
| 650 |
|
0 |
|a Portuguese
|z Asia
|x History.
|9 9942
|
| 651 |
|
0 |
|a Portugal
|x Colonies
|z Asia
|x History.
|9 9943
|
| 651 |
|
0 |
|a Asia
|x History
|y 16th century.
|9 9944
|
| 651 |
|
0 |
|a Asia
|x History
|y 17th century.
|9 9945
|
| 651 |
|
0 |
|a Portugal
|x History
|y 16th century.
|9 9946
|
| 651 |
|
0 |
|a Portugal
|x History
|y 17th century.
|9 9947
|
| 942 |
|
|
|2 ddc
|c BK
|
| 999 |
|
|
|c 34115
|d 34115
|
| 952 |
|
|
|0 0
|1 0
|2 ddc
|4 0
|6 950_309171246900000_SUB
|7 0
|9 53235
|a BRACUL
|b BRACUL
|c GEN
|d 2015-03-20
|e Karim International
|g 7100.00
|l 0
|o 950.3091712469 SUB
|p 3010029031
|r 2015-03-20
|t 1
|w 2015-03-20
|y BK
|
| 952 |
|
|
|0 0
|1 0
|2 ddc
|4 0
|6 950_309171246900000_SUB
|7 0
|9 53236
|a BRACUL
|b BRACUL
|c GEN
|d 2015-03-20
|e Karim International
|g 7100.00
|l 1
|m 2
|o 950.3091712469 SUB
|p 3010029032
|r 2019-02-07
|s 2019-01-19
|t 2
|w 2015-03-20
|y BK
|
| 952 |
|
|
|0 0
|1 0
|2 ddc
|4 0
|6 950_309171246900000_SUB
|7 0
|9 53237
|a BRACUL
|b BRACUL
|c GEN
|d 2015-03-20
|e Karim International
|g 7100.00
|l 1
|o 950.3091712469 SUB
|p 3010029033
|r 2023-08-28
|s 2023-08-27
|t 3
|w 2015-03-20
|y BK
|